O cão fiel e outros contos para crianças (Registo nº 3879)

Detalhes MARC
000 -Etiqueta do registo
Cabeçalho 00441cam a2200169 i 4500
005 - Identificador da versão
Campo de controlo 20240813122046.0
100 ## - Dados gerais de processamento
Dados gerais de processamento 20101020d c y0pory5003 ba
102 ## - Pais de publicação ou produção
País de publicação Portugal
101 0# - Língua de publicação
Língua do texto, banda sonora, etc. Português
215 ## - Descrição física 
Indicação específica da natureza do documento e extensão da espécie 129 p.
200 1# - Titulo e menção de responsabilidade
Título próprio O cão fiel e outros contos para crianças
Primeira menção de responsabilidade Maria Vitória Garcia Ferreira
Outras menções de responsabilidade il. laura Costa
225 1# - Colecção 
Título próprio da colecção Série de Ouro
210 ## - Publicação, Distribuição, etc. 
Lugar da edição, distribuição, etc. Porto
Nome do editor, distribuidor, etc. Editorial Infantil Majora
942 ## - Elementos de entrada adicionados (Koha)
Tipo de item no Koha Livro
Exemplares
Situação do levantamento Origin of item (home branch) (coded) Biblioteca de empréstimo Código de barras Cota Circulation type (not for loan) Tipo de documento Nota do exemplar Damaged status
  Biblioteca Escolar das Vendas Biblioteca Escolar das Vendas BEV228 8POR BAR   Livro Sem mensagem